Qualitative research practice : a guide for social science students and researchers (Record no. 85694)
[ view plain ]
| 000 -LEADER | |
|---|---|
| fixed length control field | 00777nam a2200241 a 4500 |
| 003 - CONTROL NUMBER IDENTIFIER | |
| control field | CBULib |
| 005 - DATE AND TIME OF LATEST TRANSACTION | |
| control field | 20250206101146.0 |
| 008 - FIXED-LENGTH DATA ELEMENTS--GENERAL INFORMATION | |
| fixed length control field | 250206b |||||||| |||| 00| 0 eng d |
| 020 ## - INTERNATIONAL STANDARD BOOK NUMBER | |
| International Standard Book Number | 0761971106 |
| 020 ## - INTERNATIONAL STANDARD BOOK NUMBER | |
| International Standard Book Number | 9780761971092 |
| 040 ## - CATALOGING SOURCE | |
| Language of cataloging | English |
| Transcribing agency | CBULib |
| Description conventions | rda |
| 050 ## - LIBRARY OF CONGRESS CALL NUMBER | |
| Classification number | H 62 Qua |
| 100 ## - MAIN ENTRY--PERSONAL NAME | |
| 9 (RLIN) | 4387 |
| Personal name | Ritchie, Jane |
| 245 ## - TITLE STATEMENT | |
| Title | Qualitative research practice : a guide for social science students and researchers |
| Statement of responsibility, etc | / edited by Jane Ritchie and Jane Lewis |
| 260 ## - PUBLICATION, DISTRIBUTION, ETC. (IMPRINT) | |
| Place of publication, distribution, etc | London : |
| Name of publisher, distributor, etc | Sage Publications, |
| Date of publication, distribution, etc | 2003 |
| 300 ## - PHYSICAL DESCRIPTION | |
| Extent | xv, 336 pages : illustrations |
| 336 ## - CONTENT TYPE | |
| Source | rdacontent |
| Content type term | Text | |
| Content type code | txt |
| 337 ## - MEDIA TYPE | |
| Source | rdamedia |
| Media type term | Unmediated | |
| Media type code | n |
| 338 ## - CARRIER TYPE | |
| Source | rdacarrier |
| Carrier type term | Volume |
| Carrier type code | nc |
| 650 #0 - SUBJECT ADDED ENTRY--TOPICAL TERM | |
| 9 (RLIN) | 3694 |
| Topical term or geographic name as entry element | QUALITATIVE RESEARCH |
| 650 #0 - SUBJECT ADDED ENTRY--TOPICAL TERM | |
| 9 (RLIN) | 4389 |
| Topical term or geographic name as entry element | RESEARCH DESIGN |
| 942 ## - ADDED ENTRY ELEMENTS (KOHA) | |
| Source of classification or shelving scheme | |
| Koha item type | MONOGRAPH |
| Withdrawn status | Lost status | Source of classification or shelving scheme | Damaged status | Not for loan | Permanent Location | Current Location | Shelving location | Date acquired | Total Checkouts | Full call number | Barcode | Date last seen | Copy number | Price effective from | Koha item type | Date checked out | Collection code | Source of acquisition |
|---|---|---|---|---|---|---|---|---|---|---|---|---|---|---|---|---|---|---|
| CBU- LUSAKA CAMPUS | CBU- LUSAKA CAMPUS | General Stacks | 10/23/2024 | H 62 Qua | 752923 | 10/23/2024 | 10/23/2024 | MONOGRAPH | CBU-Lusaka Campus | BOOK AID INTERNATIONAL | ||||||||
| CBU-MAIN LIBRARY, KITWE. | CBU-MAIN LIBRARY, KITWE. | 06/29/2023 | H 62 Qua | 739285 | 06/29/2023 | 2 | 06/29/2023 | MONOGRAPH | ||||||||||
| CBU-MAIN LIBRARY, KITWE. | CBU-MAIN LIBRARY, KITWE. | 06/29/2023 | H 62 Qua | 742992 | 06/29/2023 | 4 | 06/29/2023 | MONOGRAPH | ||||||||||
| CBU-MAIN LIBRARY, KITWE. | CBU-MAIN LIBRARY, KITWE. | 06/29/2023 | 1 | H 62 Qua | 739286 | 12/16/2025 | 6 | 06/29/2023 | MONOGRAPH | 12/16/2025 | ||||||||
| CBU-MAIN LIBRARY, KITWE. | CBU-MAIN LIBRARY, KITWE. | 06/29/2023 | H 62 Qua | 745373 | 06/29/2023 | 7 | 06/29/2023 | MONOGRAPH | ||||||||||
| CBU-MAIN LIBRARY, KITWE. | CBU-MAIN LIBRARY, KITWE. | 06/29/2023 | H 62 Qua | 742991 | 06/29/2023 | 8 | 06/29/2023 | MONOGRAPH | ||||||||||
| CBU-SCHOOL OF MEDICINE LIBRARY, NDOLA. | CBU-SCHOOL OF MEDICINE LIBRARY, NDOLA. | 06/29/2023 | H 62 Qua | 745263 | 06/29/2023 | 1 | 06/29/2023 | MONOGRAPH | ||||||||||
| CBU-SCHOOL OF MEDICINE LIBRARY, NDOLA. | CBU-SCHOOL OF MEDICINE LIBRARY, NDOLA. | 06/29/2023 | H 62 Qua | 745262 | 06/29/2023 | 3 | 06/29/2023 | MONOGRAPH | ||||||||||
| CBU-SCHOOL OF MEDICINE LIBRARY, NDOLA. | CBU-SCHOOL OF MEDICINE LIBRARY, NDOLA. | 06/29/2023 | H 62 Qua | 745261 | 06/29/2023 | 5 | 06/29/2023 | MONOGRAPH |